| 000 | 00871nam a2200217Ia 4500 | ||
|---|---|---|---|
| 003 | IN-BaIIA | ||
| 008 | 211028s9999 xx 000 0 eng d | ||
| 040 | _cIIA Library | ||
| 080 |
_a524.575 _bHOM |
||
| 110 |
_aThe Harvard College Observatory _912780 |
||
| 245 | 0 |
_aHarvard observatory centennial symposia, december 1946 _bcontributions on interstellar matter, electronics and computational devices, eclipsing binaries the gaseous envelope of the earth _cThe Harvard College Observatory |
|
| 260 |
_aCambridge _bHarvard Observatory _c1948 |
||
| 300 | _aviii, 385p. | ||
| 490 | _aHarvard observatory monographs; no. 8 | ||
| 500 | _aDonated by Mrs. Bappu | ||
| 650 | _aAstronomy and Astrophysics Thesaurus | ||
| 650 |
_aEclipsing Binaries _97591 |
||
| 650 |
_aGaseous Envelope _912781 |
||
| 650 |
_aInterstellar Matter _91189 |
||
| 942 | _cBK | ||
| 999 |
_c7510 _d7510 |
||